000 01172nam a2200289 4500
001 sa 68015659
003 DLC
005 20260227112645.0
008 700408s1967 pk ab 100 0 eng
010 _asa 68015659
025 _aPL480:P-E-1501
040 _aDLC
_cDLC
_dDLC
050 0 0 _aS471.P16
_bS4 1965
082 0 0 _a630/.9549
111 2 _aSeminar on Food Production and Consumption in Pakistan,
_cWest Pakistan Agricultural University,
_d1965.
245 0 0 _aPapers.
260 _a[Lyallpur,
_bPrinted at WPAU Press,
_c1967]
300 _a2 v.
_billus., maps.
_c24 cm.
350 _a10.00
500 _aAt head of title: Agriculture.
500 _a"Organised by the Faculty of Agriculture, West Pakistan Agricultural University, Lyallpur."
500 _aSections numbered consecutively.
505 0 _av. 1, section 1. Papers relating to food of plant origin.--v. 2, section 2. Papers relating to food of animal origin; section. 3. Papers relating to nutrition and technology.
650 0 _aAgriculture
_zPakistan
_xCongresses.
650 0 _aFood supply
_zPakistan
_xCongresses.
710 2 _aWest Pakistan Agricultural University.
_bFaculty of Agriculture.
999 _c86593
_d86593